|
|
|
|
| LEADER |
00832cam a2200241 4500 |
| 008 |
700903s1969 enk b 001 0 eng |
| 010 |
|
|
|a 78494109
|
| 015 |
|
|
|a B70-00196
|
| 020 |
|
|
|a 0901225118
|
| 043 |
|
|
|a e-uk---
|
| 082 |
0 |
0 |
|a 371.9
|
| 100 |
1 |
|
|a Gulliford, R.
|
| 245 |
1 |
0 |
|a Backwardness and educational failure/
|c by R. Gulliford.
|
| 260 |
|
|
|a Slough:
|b National Foundation for Educational Research,
|c 1969.
|
| 300 |
|
|
|a 110 p.
|c 19 cm.
|
| 350 |
|
|
|a 10/-
|
| 490 |
0 |
|
|a Exploring education
|
| 504 |
|
|
|a Bibliography: p. 102-108.
|
| 650 |
|
0 |
|a Children with disabilities
|x Education
|z Great Britain.
|
| 906 |
|
|
|a 7
|b cbc
|c orignew
|d 3
|e ncip
|f 19
|g y-gencatlg
|
| 942 |
|
|
|c BK
|
| 999 |
|
|
|c 184879
|d 184879
|
| 952 |
|
|
|0 0
|1 0
|2 ddc
|4 0
|6 371_900000000000000_GUL_B
|7 0
|9 204172
|a EDU
|b EDU
|c ST1
|d 2010-10-20
|i G172
|o 371.9 GUL/B
|p EDUG172
|r 2015-10-20
|y BK
|